Italia e Ungheria una partnership altalenante, 1946-1947 /

Elmentve itt :
Bibliográfiai részletek
Szerző: Nicolosi Simona
Dokumentumtípus: Könyv része
Megjelent: 2016
Sorozat:Lát(szó)tér : fiatal kutatók italianisztikai tanulmányai
Kulcsszavak:Olaszország története - 1946-1947, Magyarország története - 1946-1947, Olasz-magyar kapcsolatok - 20. sz.
Online Access:http://acta.bibl.u-szeged.hu/62807
LEADER 00789naa a2200181 i 4500
001 acta62807
005 20260224081030.0
008 191118s2016 hu o 000 ita d
020 |a 978-963-306-509-9 
040 |a SZTE Egyetemi Kiadványok Repozitórium  |b hun 
041 |a ita 
100 1 |a Nicolosi Simona 
245 1 0 |a Italia e Ungheria   |h [elektronikus dokumentum] :  |b una partnership altalenante, 1946-1947 /  |c  Nicolosi Simona 
260 |c 2016 
300 |a 325-343 
490 0 |a Lát(szó)tér : fiatal kutatók italianisztikai tanulmányai 
695 |a Olaszország története - 1946-1947, Magyarország története - 1946-1947, Olasz-magyar kapcsolatok - 20. sz. 
856 4 0 |u http://acta.bibl.u-szeged.hu/62807/1/latszoter_fiatal_kutatok_italisztikai_tanulmanyai_325-343.pdf  |z Dokumentum-elérés